000 00430nam a22001457a 4500
003 NUST
005 20230327112520.0
008 230327b ||||| |||| 00| 0 eng d
020 _a9789693518238
082 _a891.4392,BAN
245 _aPhir Achanak Youn Hua پھر اچانک یوں ہوا /
_cBano Qudsia
260 _aLahore, Pakistan,
_bSang i meel Publication,
_c2013.
300 _a368 p.
942 _2ddc
_cBK
_k891.4392,BAN
999 _c594331
_d594331